[Event "GrandMasters Battle 2"]
[Site "Mustafa Kemal Atatürk"]
[Date "2020.07.09"]
[Round "9"]
[White "VahapSanal"]
[Black "Shak"]
[Result "0-1"]
[WhiteElo "1673"]
[BlackElo "1553"]
[Annotator "NA RC"]
[PlyCount "69"]
[EventDate "2020.07.09"]
[EventType "swiss (rapid)"]

1. e4 {[%emt 0:00:01]} c5 {[%emt 0:00:01]} 2. Nf3 {[%emt 0:00:01]} e6 {[%emt 0:00:02]} 3. Nc3 {[%emt 0:00:10]} Nc6 {[%emt 0:00:03]} 4. d4 {[%emt 0:00:08]} cxd4 {[%emt 0:00:00]} 5. Nxd4 {[%emt 0:00:00]} Nf6 {[%emt 0:00:02]} 6. Ndb5 {[%emt 0:00:05]} Bb4 {[%emt 0:00:02]} 7. a3 {[%emt 0:00:03]} Bxc3+ {[%emt 0:00:02]} 8. Nxc3 {[%emt 0:00:00]} d5 {[%emt 0:00:02]} 9. Bd3 {[%emt 0:00:01]} d4 {[%emt 0:00:09]} 10. Ne2 {[%emt 0:00:23]} e5 {[%emt 0:00:01]} 11. O-O {[%emt 0:01:15]} O-O {[%emt 0:00:02]} 12. h3 {[%emt 0:01:20]} Re8 {[%emt 0:00:03]} 13. Ng3 {[%emt 0:00:41]} Nd7 {[%emt 0:00:03]} 14. b4 {[%emt 0:00:09]} Nf8 {[%emt 0:01:15]} 15. b5 {[%emt 0:03:15]} Ne7 {[%emt 0:00:09]} 16. a4 {[%emt 0:01:58]} Neg6 {[%emt 0:00:18]} 17. Ba3 {[%emt 0:01:36]} Nf4 {[%emt 0:00:29]} 18. Ne2 {[%emt 0:01:03]} N8g6 {[%emt 0:01:06]} 19. Nxf4 {[%emt 0:00:01]} Nxf4 {[%emt 0:00:06]} 20. Bc1 {[%emt 0:00:03]} g5 {[%emt 0:00:51]} 21. Kh2 {[%emt 0:01:18]} Qf6 {[%emt 0:03:46]} 22. Qf3 {[%emt 0:00:48]} Qh6 {[%emt 0:00:02]} 23. Rh1 {[%emt 0:00:33]} Be6 {[%emt 0:01:54]} 24. Bxf4 {[%emt 0:01:34]} gxf4 {[%emt 0:01:08]} 25. g3 {[%emt 0:00:33]} fxg3+ {[%emt 0:02:04]} 26. Qxg3+ {[%emt 0:00:14]} Kh8 {[%emt 0:00:01]} 27. Rhg1 {[%emt 0:01:45]} f6 {[%emt 0:00:26]} 28. f4 {[%emt 0:00:39]} exf4 {[%emt 0:00:25]} 29. Qf3 {[%emt 0:00:01]} Rg8 {[%emt 0:00:01]} 30. Be2 {[%emt 0:00:19]} Rg5 {[%emt 0:00:55]} 31. Rxg5 {[%emt 0:00:13]} fxg5 {[%emt 0:00:03]} 32. Qd3 {[%emt 0:00:07]} Kg8 {[%emt 0:01:17]} 33. Rg1 {[%emt 0:00:05]} Rc8 {[%emt 0:00:03]} 34. Bf1 {[%emt 0:00:16]} Rc3 {[%emt 0:00:10]} 35. Qxd4 {[%emt 0:00:00] VahapSanal terk eder (Lag: Av=1.14s, max=4.0s)} 0-1

[Event "GrandMasters Battle 2"]
[Site "Mustafa Kemal Atatürk"]
[Date "2020.07.09"]
[Round "10"]
[White "Shak"]
[Black "VahapSanal"]
[Result "1/2-1/2"]
[WhiteElo "1630"]
[BlackElo "1596"]
[Annotator "NA RC"]
[PlyCount "128"]
[EventDate "2020.07.09"]
[EventType "swiss (rapid)"]

1. d4 {[%emt 0:00:02]} d5 {[%emt 0:00:04]} 2. Nf3 {[%emt 0:00:02]} e6 {[%emt 0:00:01]} 3. Bf4 {[%emt 0:00:03]} c5 {[%emt 0:00:33]} 4. e3 {[%emt 0:00:06]} Nc6 {[%emt 0:00:02]} 5. Nbd2 {[%emt 0:00:30]} cxd4 {[%emt 0:00:19]} 6. exd4 {[%emt 0:00:05]} Bd6 {[%emt 0:00:01]} 7. Bxd6 {[%emt 0:00:19]} Qxd6 {[%emt 0:00:01]} 8. Bd3 {[%emt 0:00:05]} Nge7 {[%emt 0:00:09]} 9. O-O {[%emt 0:00:02]} Ng6 {[%emt 0:00:02]} 10. Re1 {[%emt 0:00:18]} Bd7 {[%emt 0:00:50]} 11. c3 {[%emt 0:00:08]} O-O {[%emt 0:00:36]} 12. Ng5 {[%emt 0:01:13]} Qf4 {[%emt 0:01:30]} 13. Qh5 {[%emt 0:01:40]} h6 {[%emt 0:00:26]} 14. Ndf3 {[%emt 0:02:04]} e5 {[%emt 0:02:53]} 15. Nxf7 {[%emt 0:02:12]} e4 {[%emt 0:00:54]} 16. Nxh6+ {[%emt 0:00:44]} Qxh6 {[%emt 0:00:57]} 17. Qxd5+ {[%emt 0:00:04]} Kh8 {[%emt 0:00:52]} 18. Bxe4 {[%emt 0:00:08]} Rad8 {[%emt 0:00:25]} 19. Qg5 {[%emt 0:00:08]} Nf4 {[%emt 0:00:24]} 20. Re3 {[%emt 0:00:48]} Rf6 {[%emt 0:00:50]} 21. Qxh6+ {[%emt 0:00:54]} gxh6 {[%emt 0:00:03]} 22. Ne5 {[%emt 0:00:53]} Nxe5 {[%emt 0:00:48]} 23. dxe5 {[%emt 0:00:00]} Re6 {[%emt 0:00:02]} 24. Rd1 {[%emt 0:00:31]} Rxe5 {[%emt 0:00:45]} 25. Bxb7 {[%emt 0:00:17]} Rxe3 {[%emt 0:04:08]} 26. fxe3 {[%emt 0:00:03]} Ne6 {[%emt 0:00:24]} 27. Rd6 {[%emt 0:00:16]} Kg7 {[%emt 0:00:02]} 28. Ra6 {[%emt 0:00:19]} Kf6 {[%emt 0:01:14]} 29. Rxa7 {[%emt 0:00:29]} Bb5 {[%emt 0:00:02]} 30. Bf3 {[%emt 0:00:01]} Ng5 {[%emt 0:00:12]} 31. a4 {[%emt 0:00:16]} Bc4 {[%emt 0:00:06]} 32. Rc7 {[%emt 0:00:54]} Bb3 {[%emt 0:00:10]} 33. a5 {[%emt 0:00:04]} Nxf3+ {[%emt 0:00:41]} 34. gxf3 {[%emt 0:00:00]} Rd2 {[%emt 0:00:05]} 35. a6 {[%emt 0:00:10]} Bd1 {[%emt 0:00:06]} 36. Rc8 {[%emt 0:00:26]} Kf7 {[%emt 0:00:07]} 37. a7 {[%emt 0:01:40]} Bxf3 {[%emt 0:00:02]} 38. a8=Q {[%emt 0:00:02]} Bxa8 {[%emt 0:00:01]} 39. Rxa8 {[%emt 0:00:00]} Rxb2 {[%emt 0:00:01]} 40. Ra6 {[%emt 0:00:28]} Kg7 {[%emt 0:00:05]} 41. c4 {[%emt 0:00:20]} Rc2 {[%emt 0:00:12]} 42. Rc6 {[%emt 0:00:01]} h5 {[%emt 0:00:06]} 43. h4 {[%emt 0:00:09]} Kf7 {[%emt 0:00:46]} 44. Rc5 {[%emt 0:01:25]} Kg6 {[%emt 0:00:02]} 45. Rg5+ {[%emt 0:01:54]} Kh6 {[%emt 0:00:01]} 46. Rc5 {[%emt 0:00:02]} Kg6 {[%emt 0:00:01]} 47. Kf1 {[%emt 0:00:18]} Rh2 {[%emt 0:00:02]} 48. Rg5+ {[%emt 0:00:01]} Kh6 {[%emt 0:00:02]} 49. Rd5 {[%emt 0:00:27]} Rxh4 {[%emt 0:00:08]} 50. c5 {[%emt 0:00:01]} Rc4 {[%emt 0:00:12]} 51. Rd6+ {[%emt 0:00:16]} Kg7 {[%emt 0:00:14]} 52. c6 {[%emt 0:00:00]} Rc2 {[%emt 0:00:09]} 53. e4 {[%emt 0:00:18]} Kf7 {[%emt 0:00:06]} 54. e5 {[%emt 0:00:05]} h4 {[%emt 0:00:01]} 55. Rh6 {[%emt 0:00:02]} Kg7 {[%emt 0:00:15]} 56. Rd6 {[%emt 0:00:08]} h3 {[%emt 0:00:02]} 57. Kg1 {[%emt 0:00:01]} h2+ {[%emt 0:00:03]} 58. Kh1 {[%emt 0:00:02]} Kf7 {[%emt 0:00:01]} 59. Rh6 {[%emt 0:00:02]} Ke7 {[%emt 0:00:04]} 60. c7 {[%emt 0:00:07]} Rxc7 {[%emt 0:00:29]} 61. Rh7+ {[%emt 0:00:01]} Kd8 {[%emt 0:00:01]} 62. Rxc7 {[%emt 0:00:01]} Kxc7 {[%emt 0:00:00]} 63. Kxh2 {[%emt 0:00:00]} Kd7 {[%emt 0:00:01]} 64. e6+ {[%emt 0:00:00]} Kxe6 {[%emt 0:00:01] (Lag: Av=1.66s, max=12.6s)} 1/2-1/2

[Event "GrandMasters Battle 2"]
[Site "Mustafa Kemal Atatürk"]
[Date "2020.07.09"]
[Round "11"]
[White "VahapSanal"]
[Black "Shak"]
[Result "0-1"]
[WhiteElo "1601"]
[BlackElo "1625"]
[Annotator "NA RC"]
[PlyCount "110"]
[EventDate "2020.07.09"]
[EventType "swiss (rapid)"]

1. e4 {[%emt 0:00:01]} c5 {[%emt 0:00:02]} 2. Nf3 {[%emt 0:00:01]} e6 {[%emt 0:00:00]} 3. Nc3 {[%emt 0:00:01]} Nc6 {[%emt 0:00:01]} 4. d4 {[%emt 0:00:01]} cxd4 {[%emt 0:00:00]} 5. Nxd4 {[%emt 0:00:00]} Nf6 {[%emt 0:00:01]} 6. Ndb5 {[%emt 0:00:01]} Bb4 {[%emt 0:00:02]} 7. a3 {[%emt 0:00:01]} Bxc3+ {[%emt 0:00:01]} 8. Nxc3 {[%emt 0:00:00]} d5 {[%emt 0:00:00]} 9. Bd3 {[%emt 0:00:00]} dxe4 {[%emt 0:00:05]} 10. Nxe4 {[%emt 0:00:03]} Nxe4 {[%emt 0:00:03]} 11. Bxe4 {[%emt 0:00:00]} Qxd1+ {[%emt 0:00:01]} 12. Kxd1 {[%emt 0:00:00]} Bd7 {[%emt 0:00:11]} 13. Be3 {[%emt 0:01:17]} f5 {[%emt 0:00:04]} 14. Bd3 {[%emt 0:00:41]} Ne5 {[%emt 0:00:22]} 15. Be2 {[%emt 0:00:07]} Ng4 {[%emt 0:00:04]} 16. Bd4 {[%emt 0:01:14]} Bc6 {[%emt 0:00:04]} 17. Ke1 {[%emt 0:00:13]} e5 {[%emt 0:01:05]} 18. Bc3 {[%emt 0:00:12]} O-O-O {[%emt 0:02:07]} 19. Rg1 {[%emt 0:01:58]} Rhe8 {[%emt 0:01:04]} 20. Rd1 {[%emt 0:01:04]} Rxd1+ {[%emt 0:00:28]} 21. Bxd1 {[%emt 0:00:02]} g6 {[%emt 0:00:28]} 22. Be2 {[%emt 0:01:25]} Nf6 {[%emt 0:01:37]} 23. b3 {[%emt 0:01:00]} Nd5 {[%emt 0:01:05]} 24. Bd2 {[%emt 0:00:18]} e4 {[%emt 0:00:13]} 25. c4 {[%emt 0:00:15]} e3 {[%emt 0:00:21]} 26. cxd5 {[%emt 0:00:42]} exd2+ {[%emt 0:00:04]} 27. Kxd2 {[%emt 0:00:00]} Bxd5 {[%emt 0:00:02]} 28. b4 {[%emt 0:00:02] Shak offers a draw} Kc7 {[%emt 0:00:42]} 29. g3 {[%emt 0:00:46]} a6 {[%emt 0:00:29]} 30. Rc1+ {[%emt 0:00:14]} Kd6 {[%emt 0:00:01]} 31. h4 {[%emt 0:00:26]} f4 {[%emt 0:00:34]} 32. Rc3 {[%emt 0:00:11]} fxg3 {[%emt 0:00:22]} 33. fxg3 {[%emt 0:00:01]} Rf8 {[%emt 0:00:07]} 34. Rd3 {[%emt 0:00:23]} Ke5 {[%emt 0:00:03]} 35. Re3+ {[%emt 0:00:02]} Kd6 {[%emt 0:00:01]} 36. Kc3 {[%emt 0:00:09]} Rc8+ {[%emt 0:00:06]} 37. Kd2 {[%emt 0:00:24]} Rf8 {[%emt 0:00:02]} 38. Kc3 {[%emt 0:01:01]} Rc8+ {[%emt 0:00:03]} 39. Kd4 {[%emt 0:00:36]} Rc2 {[%emt 0:00:03]} 40. Bd3 {[%emt 0:00:50]} Rd2 {[%emt 0:00:05]} 41. Re2 {[%emt 0:01:34]} Rd1 {[%emt 0:00:03]} 42. Re3 {[%emt 0:00:26]} Rd2 {[%emt 0:00:03]} 43. Re2 {[%emt 0:00:01]} Rd1 {[%emt 0:00:01]} 44. Re3 {[%emt 0:01:38]} b5 {[%emt 0:00:22]} 45. Kc3 {[%emt 0:00:17]} Ra1 {[%emt 0:00:04]} 46. Re8 {[%emt 0:00:14]} Rxa3+ {[%emt 0:00:06]} 47. Kd4 {[%emt 0:00:05]} Be6 {[%emt 0:01:36]} 48. Rd8+ {[%emt 0:00:14]} Bd7 {[%emt 0:00:12]} 49. h5 {[%emt 0:00:31]} Rb3 {[%emt 0:01:12]} 50. Bxg6 {[%emt 0:01:40]} Rxb4+ {[%emt 0:02:30]} 51. Ke3 {[%emt 0:00:04]} Rb3+ {[%emt 0:00:29]} 52. Kf2 {[%emt 0:00:14]} Rb2+ {[%emt 0:00:14]} 53. Kg1 {[%emt 0:00:41]} Ke7 {[%emt 0:01:02]} 54. Ra8 {[%emt 0:00:36]} hxg6 {[%emt 0:00:08]} 55. hxg6 {[%emt 0:00:10]} Rg2+ {[%emt 0:00:30] VahapSanal terk eder (Lag: Av=1.49s, max=13.1s)} 0-1

[Event "GrandMasters Battle 2"]
[Site "Mustafa Kemal Atatürk"]
[Date "2020.07.09"]
[Round "12"]
[White "Shak"]
[Black "VahapSanal"]
[Result "1-0"]
[WhiteElo "1672"]
[BlackElo "1554"]
[Annotator "NA"]
[PlyCount "93"]
[EventDate "2020.07.09"]
[EventType "swiss (rapid)"]

1. d4 {[%emt 0:00:04]} d6 {[%emt 0:00:05]} 2. Nf3 {[%emt 0:00:07]} c5 {[%emt 0:00:01]} 3. dxc5 {[%emt 0:00:17]} Qa5+ {[%emt 0:00:02]} 4. Nc3 {[%emt 0:00:02]} Qxc5 {[%emt 0:00:01]} 5. e4 {[%emt 0:00:01]} Nf6 {[%emt 0:00:05]} 6. Be3 {[%emt 0:00:34]} Qa5 {[%emt 0:00:03]} 7. Qd2 {[%emt 0:00:32]} Nc6 {[%emt 0:00:05]} 8. h3 {[%emt 0:00:25]} g6 {[%emt 0:00:11]} 9. Nd4 {[%emt 0:01:20]} Bg7 {[%emt 0:00:08]} 10. Nb3 {[%emt 0:00:04]} Qc7 {[%emt 0:00:10]} 11. Rc1 {[%emt 0:00:32]} O-O {[%emt 0:00:36]} 12. Nd5 {[%emt 0:00:10]} Qd8 {[%emt 0:00:45]} 13. Nxf6+ {[%emt 0:00:10]} Bxf6 {[%emt 0:00:12]} 14. c3 {[%emt 0:00:31]} Be6 {[%emt 0:00:23]} 15. Be2 {[%emt 0:00:05]} a5 {[%emt 0:00:05]} 16. c4 {[%emt 0:00:47]} a4 {[%emt 0:00:10]} 17. Nd4 {[%emt 0:00:04]} Nxd4 {[%emt 0:00:06]} 18. Bxd4 {[%emt 0:00:00]} Bxd4 {[%emt 0:00:01]} 19. Qxd4 {[%emt 0:00:00]} Qa5+ {[%emt 0:00:21]} 20. Qc3 {[%emt 0:00:09]} Rfc8 {[%emt 0:00:17]} 21. Qxa5 {[%emt 0:00:16]} Rxa5 {[%emt 0:00:01]} 22. Kd2 {[%emt 0:00:00]} Rac5 {[%emt 0:00:32]} 23. b3 {[%emt 0:00:16]} axb3 {[%emt 0:00:02]} 24. axb3 {[%emt 0:00:03]} f5 {[%emt 0:00:03]} 25. exf5 {[%emt 0:00:30]} gxf5 {[%emt 0:00:02]} 26. f4 {[%emt 0:01:18]} Kf7 {[%emt 0:00:23]} 27. g4 {[%emt 0:00:06]} b6 {[%emt 0:00:17]} 28. Bd3 {[%emt 0:00:49]} Kf6 {[%emt 0:01:05]} 29. g5+ {[%emt 0:00:49]} Kf7 {[%emt 0:00:05]} 30. h4 {[%emt 0:00:03]} Bd7 {[%emt 0:00:46]} 31. Rhf1 {[%emt 0:00:39]} h5 {[%emt 0:00:45]} 32. Ra1 {[%emt 0:00:25]} R5c7 {[%emt 0:00:38]} 33. Rfe1 {[%emt 0:00:10]} Re8 {[%emt 0:00:24]} 34. Ra6 {[%emt 0:00:37]} b5 {[%emt 0:01:01]} 35. cxb5 {[%emt 0:00:19]} Rc5 {[%emt 0:02:36]} 36. Bc4+ {[%emt 0:00:41]} Kf8 {[%emt 0:00:22]} 37. b6 {[%emt 0:00:13]} Bc6 {[%emt 0:01:31]} 38. Ra7 {[%emt 0:02:28]} Bd5 {[%emt 0:02:13]} 39. Kd3 {[%emt 0:01:41]} Be4+ {[%emt 0:02:35]} 40. Kd4 {[%emt 0:00:05]} Rb8 {[%emt 0:00:17]} 41. g6 {[%emt 0:00:06]} Rxb6 {[%emt 0:01:09]} 42. g7+ {[%emt 0:00:58]} Kxg7 {[%emt 0:00:01]} 43. Rxe7+ {[%emt 0:00:01]} Kf8 {[%emt 0:00:14]} 44. Rf7+ {[%emt 0:00:11]} Ke8 {[%emt 0:00:01]} 45. Rh7 {[%emt 0:00:06]} Kf8 {[%emt 0:01:05]} 46. Rg1 {[%emt 0:00:19]} Rxc4+ {[%emt 0:00:01]} 47. Kxc4 {[%emt 0:00:00] VahapSanal terk eder (Lag: Av=1.44s, max=6.2s)} 1-0

[Event "GrandMasters Battle 2"]
[Site "Mustafa Kemal Atatürk"]
[Date "2020.07.10"]
[Round "13"]
[White "VahapSanal"]
[Black "Shak"]
[Result "1/2-1/2"]
[WhiteElo "1522"]
[BlackElo "1705"]
[Annotator "NA RC"]
[PlyCount "116"]
[EventDate "2020.07.10"]
[EventType "swiss (rapid)"]

1. e4 {[%emt 0:00:07]} e5 {[%emt 0:00:05]} 2. Nf3 {[%emt 0:00:15]} Nc6 {[%emt 0:00:03]} 3. Nc3 {[%emt 0:00:02]} Nf6 {[%emt 0:00:14]} 4. d4 {[%emt 0:00:01]} exd4 {[%emt 0:00:22]} 5. Nxd4 {[%emt 0:00:02]} Bb4 {[%emt 0:00:14]} 6. Nxc6 {[%emt 0:00:02]} bxc6 {[%emt 0:00:00]} 7. Bd3 {[%emt 0:00:02]} d5 {[%emt 0:00:11]} 8. exd5 {[%emt 0:00:02]} cxd5 {[%emt 0:00:18]} 9. O-O {[%emt 0:00:04]} O-O {[%emt 0:00:03]} 10. h3 {[%emt 0:00:01]} c6 {[%emt 0:00:04]} 11. Qf3 {[%emt 0:00:01]} Rb8 {[%emt 0:01:11]} 12. Ne2 {[%emt 0:00:18]} Bd6 {[%emt 0:00:20]} 13. b3 {[%emt 0:00:37]} Be5 {[%emt 0:01:52]} 14. Bf4 {[%emt 0:00:20]} Qd6 {[%emt 0:00:24]} 15. Rfe1 {[%emt 0:00:56]} Re8 {[%emt 0:00:30]} 16. Rad1 {[%emt 0:00:53]} c5 {[%emt 0:01:54]} 17. Bxe5 {[%emt 0:01:30]} Rxe5 {[%emt 0:00:23]} 18. Nf4 {[%emt 0:01:35]} Bb7 {[%emt 0:01:02]} 19. Qg3 {[%emt 0:01:38]} Rbe8 {[%emt 0:00:30]} 20. Rxe5 {[%emt 0:00:02]} Qxe5 {[%emt 0:00:16]} 21. c3 {[%emt 0:01:43]} g6 {[%emt 0:00:42]} 22. Ne2 {[%emt 0:01:19]} Qxg3 {[%emt 0:00:16]} 23. Nxg3 {[%emt 0:00:04]} Kf8 {[%emt 0:00:01]} 24. Nf1 {[%emt 0:00:11]} Bc6 {[%emt 0:00:30]} 25. Ne3 {[%emt 0:00:14]} a5 {[%emt 0:00:11]} 26. g4 {[%emt 0:01:09]} h6 {[%emt 0:01:21]} 27. Bf1 {[%emt 0:00:05]} a4 {[%emt 0:02:13]} 28. Bg2 {[%emt 0:00:15]} axb3 {[%emt 0:00:27]} 29. axb3 {[%emt 0:00:01]} Re5 {[%emt 0:00:01]} 30. b4 {[%emt 0:03:15]} cxb4 {[%emt 0:00:04]} 31. cxb4 {[%emt 0:00:01]} Ke7 {[%emt 0:00:42]} 32. Rd3 {[%emt 0:00:37]} Bb5 {[%emt 0:01:00]} 33. Rd2 {[%emt 0:01:00]} Kd6 {[%emt 0:00:14]} 34. Rc2 {[%emt 0:00:31]} h5 {[%emt 0:01:12]} 35. Bf3 {[%emt 0:00:16]} hxg4 {[%emt 0:00:02]} 36. hxg4 {[%emt 0:00:01]} Ne4 {[%emt 0:00:22]} 37. Rc8 {[%emt 0:00:33]} Bd7 {[%emt 0:00:36]} 38. Ra8 {[%emt 0:00:06]} Nc3 {[%emt 0:00:21]} 39. Ra3 {[%emt 0:00:10]} Ne4 {[%emt 0:00:21]} 40. Ra6+ {[%emt 0:00:18]} Ke7 {[%emt 0:00:13]} 41. Ra7 {[%emt 0:00:13]} Kd6 {[%emt 0:00:13]} 42. Kg2 {[%emt 0:00:15]} Nf6 {[%emt 0:00:13]} 43. Ra6+ {[%emt 0:00:08]} Ke7 {[%emt 0:00:02]} 44. Ra5 {[%emt 0:00:09]} Kd6 {[%emt 0:00:22]} 45. b5 {[%emt 0:00:24]} Re8 {[%emt 0:00:31]} 46. b6 {[%emt 0:00:40]} Be6 {[%emt 0:00:05]} 47. g5 {[%emt 0:00:32]} Ne4 {[%emt 0:00:04]} 48. Bxe4 {[%emt 0:00:17]} dxe4 {[%emt 0:00:00]} 49. Kg3 {[%emt 0:00:11]} Kc6 {[%emt 0:00:10]} 50. Re5 {[%emt 0:00:08]} Rb8 {[%emt 0:00:05]} 51. Rxe4 {[%emt 0:00:09]} Rxb6 {[%emt 0:00:03]} 52. Kf4 {[%emt 0:00:02]} Kd6 {[%emt 0:00:02]} 53. f3 {[%emt 0:00:04]} Rb5 {[%emt 0:00:04]} 54. Rd4+ {[%emt 0:00:02]} Ke7 {[%emt 0:00:01]} 55. Ra4 {[%emt 0:00:04]} Kf8 {[%emt 0:00:04]} 56. Rd4 {[%emt 0:00:09]} Ke7 {[%emt 0:00:03]} 57. Ra4 {[%emt 0:00:02]} Kf8 {[%emt 0:00:01]} 58. Rd4 {[%emt 0:00:01]} Ke7 {[%emt 0:00:01] (Lag: Av=1.24s, max=5.1s)} 1/2-1/2

[Event "GrandMasters Battle 2"]
[Site "Mustafa Kemal Atatürk"]
[Date "2020.07.10"]
[Round "14"]
[White "Shak"]
[Black "VahapSanal"]
[Result "1/2-1/2"]
[WhiteElo "1683"]
[BlackElo "1544"]
[Annotator "NA RC"]
[PlyCount "70"]
[EventDate "2020.07.10"]
[EventType "swiss (rapid)"]

1. d4 {[%emt 0:00:04]} d5 {[%emt 0:00:05]} 2. Nf3 {[%emt 0:00:03]} e6 {[%emt 0:00:04]} 3. c4 {[%emt 0:00:05]} a6 {[%emt 0:00:02]} 4. c5 {[%emt 0:00:19]} Nc6 {[%emt 0:00:12]} 5. Bf4 {[%emt 0:00:05]} b6 {[%emt 0:00:54]} 6. cxb6 {[%emt 0:00:04]} cxb6 {[%emt 0:00:00]} 7. e3 {[%emt 0:00:08]} Bd6 {[%emt 0:00:17]} 8. Nbd2 {[%emt 0:00:16]} Nge7 {[%emt 0:01:38]} 9. Rc1 {[%emt 0:00:15]} Bb7 {[%emt 0:00:33]} 10. Bxd6 {[%emt 0:00:44]} Qxd6 {[%emt 0:00:02]} 11. Bd3 {[%emt 0:00:01]} Rc8 {[%emt 0:00:48]} 12. a3 {[%emt 0:00:06]} h6 {[%emt 0:00:11]} 13. O-O {[%emt 0:00:01]} O-O {[%emt 0:00:01]} 14. Qe2 {[%emt 0:00:11]} a5 {[%emt 0:00:28]} 15. Ba6 {[%emt 0:00:34]} Bxa6 {[%emt 0:01:23]} 16. Qxa6 {[%emt 0:00:00]} Ra8 {[%emt 0:00:21]} 17. Qd3 {[%emt 0:00:13]} Rfc8 {[%emt 0:01:12]} 18. Rc3 {[%emt 0:00:05]} Nd8 {[%emt 0:00:37]} 19. Rfc1 {[%emt 0:00:05]} Rxc3 {[%emt 0:00:01]} 20. Rxc3 {[%emt 0:00:00]} Rc8 {[%emt 0:00:02]} 21. Nb1 {[%emt 0:00:02]} Nb7 {[%emt 0:01:23]} 22. h4 {[%emt 0:00:19]} Rxc3 {[%emt 0:00:32]} 23. Nxc3 {[%emt 0:00:00]} Qc7 {[%emt 0:00:02]} 24. g3 {[%emt 0:02:06]} Nd6 {[%emt 0:00:03]} 25. b3 {[%emt 0:00:13]} h5 {[%emt 0:00:31]} 26. Kg2 {[%emt 0:00:05]} g6 {[%emt 0:00:24]} 27. Nb5 {[%emt 0:00:16]} Nxb5 {[%emt 0:00:02]} 28. Qxb5 {[%emt 0:00:00]} Nf5 {[%emt 0:00:21]} 29. Qe8+ {[%emt 0:00:13]} Kg7 {[%emt 0:00:01]} 30. Ng5 {[%emt 0:00:09]} Nxe3+ {[%emt 0:01:04]} 31. fxe3 {[%emt 0:00:11]} Qc2+ {[%emt 0:00:02]} 32. Kg1 {[%emt 0:00:06]} Qb1+ {[%emt 0:00:01]} 33. Kg2 {[%emt 0:00:02]} Qc2+ {[%emt 0:00:00]} 34. Kg1 {[%emt 0:00:07]} Qb1+ {[%emt 0:00:01]} 35. Kg2 {[%emt 0:00:01]} Qc2+ {[%emt 0:00:01] (Lag: Av=1.28s, max=1.8s)} 1/2-1/2

[Event "GrandMasters Battle 2"]
[Site "Mustafa Kemal Atatürk"]
[Date "2020.07.10"]
[Round "15"]
[White "VahapSanal"]
[Black "Shak"]
[Result "1/2-1/2"]
[WhiteElo "1559"]
[BlackElo "1668"]
[Annotator "NA RC"]
[PlyCount "78"]
[EventDate "2020.07.10"]
[EventType "swiss (rapid)"]

1. e4 {[%emt 0:00:02]} d5 {[%emt 0:00:03]} 2. Nc3 {[%emt 0:00:04]} e6 {[%emt 0:00:21]} 3. d3 {[%emt 0:00:12]} dxe4 {[%emt 0:00:09]} 4. dxe4 {[%emt 0:01:09]} Qxd1+ {[%emt 0:00:03]} 5. Nxd1 {[%emt 0:00:15]} Nf6 {[%emt 0:00:35]} 6. f3 {[%emt 0:00:07]} e5 {[%emt 0:00:08]} 7. Be3 {[%emt 0:00:15]} Be6 {[%emt 0:00:25]} 8. Nf2 {[%emt 0:00:04]} Nfd7 {[%emt 0:00:18]} 9. Nd3 {[%emt 0:00:08]} Nc6 {[%emt 0:00:07]} 10. h4 {[%emt 0:01:10]} h5 {[%emt 0:00:17]} 11. g3 {[%emt 0:00:08]} Nb4 {[%emt 0:00:44]} 12. Nxb4 {[%emt 0:00:25]} Bxb4+ {[%emt 0:00:00]} 13. c3 {[%emt 0:00:00]} Bc5 {[%emt 0:00:03]} 14. Kf2 {[%emt 0:00:02]} a5 {[%emt 0:00:35]} 15. Bh3 {[%emt 0:00:11]} Ke7 {[%emt 0:00:01]} 16. Bxe6 {[%emt 0:00:09]} Kxe6 {[%emt 0:00:00]} 17. Nh3 {[%emt 0:00:09]} f6 {[%emt 0:00:03]} 18. Rhd1 {[%emt 0:00:19]} c6 {[%emt 0:01:06]} 19. Ke2 {[%emt 0:01:09]} Bxe3 {[%emt 0:00:10]} 20. Kxe3 {[%emt 0:00:00]} a4 {[%emt 0:00:17]} 21. Nf2 {[%emt 0:00:08]} Rhd8 {[%emt 0:00:35]} 22. Nd3 {[%emt 0:00:06]} Ke7 {[%emt 0:00:02]} 23. f4 {[%emt 0:00:34]} Ra5 {[%emt 0:00:52]} 24. Rg1 {[%emt 0:02:49]} g6 {[%emt 0:02:43]} 25. Raf1 {[%emt 0:00:23]} Rb5 {[%emt 0:01:27]} 26. c4 {[%emt 0:02:10]} Ra5 {[%emt 0:00:29]} 27. Rc1 {[%emt 0:02:16]} Nc5 {[%emt 0:01:31]} 28. Nxc5 {[%emt 0:01:15]} Rxc5 {[%emt 0:00:00]} 29. b4 {[%emt 0:01:10]} axb3 {[%emt 0:00:05]} 30. axb3 {[%emt 0:00:00]} Ra5 {[%emt 0:00:30]} 31. Ra1 {[%emt 0:00:25]} Rda8 {[%emt 0:00:04]} 32. Rxa5 {[%emt 0:00:02]} Rxa5 {[%emt 0:00:00]} 33. Rd1 {[%emt 0:01:52]} exf4+ {[%emt 0:01:59]} 34. gxf4 {[%emt 0:00:04]} Ra2 {[%emt 0:00:14]} 35. Rg1 {[%emt 0:00:41]} Kf7 {[%emt 0:00:01]} 36. Rd1 {[%emt 0:00:01]} Ke6 {[%emt 0:00:15]} 37. Rg1 {[%emt 0:00:03]} Kf7 {[%emt 0:00:02]} 38. Rd1 {[%emt 0:00:01]} Ke6 {[%emt 0:00:01]} 39. Rg1 {[%emt 0:00:02]} Kf7 {[%emt 0:00:05] (Lag: Av=1.12s, max=1.4s)} 1/2-1/2

[Event "GrandMasters Battle 2"]
[Site "Mustafa Kemal Atatürk"]
[Date "2020.07.10"]
[Round "16"]
[White "Shak"]
[Black "VahapSanal"]
[Result "0-1"]
[WhiteElo "1657"]
[BlackElo "1571"]
[Annotator "NA"]
[PlyCount "44"]
[EventDate "2020.07.10"]
[EventType "swiss (rapid)"]

1. e4 {[%emt 0:00:06]} d6 {[%emt 0:00:07]} 2. d4 {[%emt 0:00:04]} Nf6 {[%emt 0:00:02]} 3. Nc3 {[%emt 0:00:03]} e5 {[%emt 0:00:05]} 4. Nf3 {[%emt 0:00:05]} Nbd7 {[%emt 0:00:01]} 5. g4 {[%emt 0:00:18]} d5 {[%emt 0:00:04]} 6. g5 {[%emt 0:01:27]} Nxe4 {[%emt 0:02:39]} 7. Nxd5 {[%emt 0:00:04]} c6 {[%emt 0:00:13]} 8. Nc3 {[%emt 0:00:39]} Qa5 {[%emt 0:01:09]} 9. Bd2 {[%emt 0:00:07]} Nxd2 {[%emt 0:00:08]} 10. Qxd2 {[%emt 0:00:00]} Bb4 {[%emt 0:00:21]} 11. dxe5 {[%emt 0:00:42]} O-O {[%emt 0:01:35]} 12. O-O-O {[%emt 0:00:12]} Nb6 {[%emt 0:01:03]} 13. Qe3 {[%emt 0:04:59]} Bg4 {[%emt 0:01:12]} 14. Bd3 {[%emt 0:01:27]} Bh5 {[%emt 0:02:55]} 15. Nb1 {[%emt 0:01:44]} Bc5 {[%emt 0:01:21]} 16. Qe4 {[%emt 0:00:20]} Bg6 {[%emt 0:00:02]} 17. Qe2 {[%emt 0:00:01]} Qxa2 {[%emt 0:00:23]} 18. c3 {[%emt 0:00:15]} Nd5 {[%emt 0:00:15]} 19. Bxg6 {[%emt 0:00:10]} fxg6 {[%emt 0:00:01]} 20. Nd4 {[%emt 0:00:34]} Rae8 {[%emt 0:00:06]} 21. Rhe1 {[%emt 0:00:06]} Rf4 {[%emt 0:00:52]} 22. b4 {[%emt 0:00:35]} Qxb1+ {[%emt 0:01:06] Shak resigns (Lag: Av=1.26s, max=1.5s)} 0-1